[Event "Master's Open turnament"]
[Site "SchemingMind.com"]
[Date "2015.09.04"]
[Round "-"]
[White "Stephen Woodhouse"]
[Black "Mike Smith"]
[Result "0-1"]
[WhiteCountry "ENG"]
[BlackCountry "ENG"]
[WhiteElo "1927"]
[WhiteRD "48"]
[BlackElo "2036"]
[BlackRD "84"]
[GameID "387048"]

1. e4 c5 2. c3 Nf6 3. e5 Nd5 4. d4 cxd4 5. Nf3 Nc6 6. cxd4 d6 7. Bc4 Nb6 8. Bb5 dxe5 9. Nxe5 Bd7 10. Nxd7 Qxd7
11. Nc3 e6 12. O-O Be7 13. Qg4 Bf6 14. Be3 Nd5 15. Ne4 h5 16. Nxf6+ gxf6 17. Qe4 Ke7 18. Rac1 Rac8 19. Rc5 a6 20. Bc4 Nb6
21. Bb3 Kf8 22. Rd1 Ne7 23. Rxc8+ Nbxc8 24. d5 e5 25. f4 Nd6 26. Qb4 Nef5 27. Bc5 Kg7 28. fxe5 fxe5 29. h3 Nb5 30. Ba4 Re8
31. g4 Nh4 32. Kh2 e4 33. gxh5 Qf5 34. Rg1+ Kh7 35. Bd1 Qf4+ 36. Kh1 Nf5 37. Qe1 e3 38. Bc2 Qf3+ 39. Kh2 e2 40. Bf2 Nd6
41. Rg5 Qf4+ 42. Rg3 Ne4 43. Bxe4 Rxe4 44. Kg2 Nxg3
0-1

[Event "Master's Open turnament"]
[Site "SchemingMind.com"]
[Date "2015.09.04"]
[Round "-"]
[White "Mike Smith"]
[Black "Ramesh Panwar"]
[Result "0-1"]
[WhiteCountry "ENG"]
[BlackCountry "IND"]
[WhiteElo "2036"]
[WhiteRD "84"]
[BlackElo "2415"]
[BlackRD "59"]
[GameID "387049"]

1. d4 Nf6 2. Nf3 e6 3. c4 b6 4. g3 Bb7 5. Bg2 Be7 6. O-O O-O 7. Nc3 d5 8. Ne5 Nbd7 9. cxd5 Nxd5 10. Nxd7 Qxd7
11. e4 Nxc3 12. bxc3 Rfd8 13. Qg4 c5 14. Be3 Qa4 15. h4 cxd4 16. Bxd4 Bf8 17. h5 h6 18. Rfd1 Rac8 19. Kh2 Bc6 20. Rd2 e5
21. Be3 Rxd2 22. Bxd2 Bd7 23. Qe2 Be6 24. Bh3 Bc4 25. Qg4 Rc7 26. Bxh6 Be6 27. Qg5 Bxh3 28. Bxg7 Bxg7 29. h6 f6 30. Qg6 Qd7
31. hxg7 Qg4 32. Qxf6 Rf7 33. Qd8+ Kxg7 34. Qd2 Kg6 35. Qe3 Qh5 36. Kg1 Bg4 37. f4 Rh7 38. f5+ Kf7
0-1

[Event "Master's Open turnament"]
[Site "SchemingMind.com"]
[Date "2015.09.04"]
[Round "-"]
[White "Ramesh Panwar"]
[Black "Mike Smith"]
[Result "1-0"]
[WhiteCountry "IND"]
[BlackCountry "ENG"]
[WhiteElo "2402"]
[WhiteRD "60"]
[BlackElo "2029"]
[BlackRD "89"]
[GameID "387050"]

1. c4 Nf6 2. Nc3 e6 3. Nf3 d5 4. d4 c6 5. e3 Nbd7 6. Bd3 dxc4 7. Bxc4 b5 8. Be2 Bb7 9. O-O Be7 10. e4 b4
11. e5 bxc3 12. exf6 Nxf6 13. bxc3 O-O 14. Rb1 Qc7 15. Bf4 Qxf4 16. Rxb7 Bd6 17. g3 Qf5 18. Bd3 Qa5 19. Nd2 Rfb8 20. Qb3 Nd5
21. Rb1 g6 22. Nc4 Qxc3 23. Nxd6 Rxb7 24. Qxb7 Rf8 25. Bc4 Qxd4 26. Qxc6 Nc3 27. Rb7 Nd1 28. Rxf7 Nxf2 29. Rxf8+ Kxf8 30. Qe8+ Kg7
31. Qd7+ Kf6 32. Ne8+ Ke5 33. Qxe6#
1-0

[Event "Master's Open turnament"]
[Site "SchemingMind.com"]
[Date "2015.09.06"]
[Round "-"]
[White "Mike Smith"]
[Black "Queen "]
[Result "0-1"]
[WhiteCountry "ENG"]
[BlackCountry "IND"]
[WhiteElo "2036"]
[WhiteRD "84"]
[BlackElo "2734"]
[BlackRD "322"]
[GameID "387051"]

1. Nf3 Nf6 2. g3 g6 3. Bg2 d5 4. O-O Bg7 5. c4 c5 6. cxd5 O-O 7. Nc3 Nxd5 8. Qb3 e6 9. d3 Nc6 10. Bd2 b6
11. Rac1 Bb7 12. Bg5 Qd7 13. a3 Nxc3 14. bxc3 h6 15. Be3 Ne7 16. Ne1= Rac8 17. Bxb7 Qxb7 18. Ng2 Rfd8 19. Rfd1 Qc6 20. a4 a6
21. d4 Nf5 22. g4 Nxe3 23. fxe3 b5 24. axb5 axb5 25. Rb1 Rb8 26. c4 b4 27. d5 exd5 28. Nf4 dxc4 29. Qxc4 Rxd1+ 30. Rxd1 b3
31. Rb1 Rb4 32. Qd3 b2 33. h3 c4 34. Qd8+ Kh7 35. Nd5 Rb7 36. Ne7 Rxe7 37. Qxe7 c3 38. Rf1 c2 39. Rxf7 c1=Q+ 40. Kf2 Q6c3
0-1